Normal view
MARC view
- MATHEMATICAL STRUCTURES
Entry Topical Term
001 - CONTROL NUMBER
- control field: 60883
003 - CONTROL NUMBER IDENTIFIER
- control field: NUST
005 - DATE AND TIME OF LATEST TRANSACTION
- control field: 20210628202638.0
008 - FIXED-LENGTH DATA ELEMENTS
- fixed length control field: 210628|| aca||aabn | a|a d
040 ## - CATALOGING SOURCE
- Original cataloging agency: NUST
- Transcribing agency: NUST
150 ## - HEADING--TOPICAL TERM
- Topical term or geographic name entry element: MATHEMATICAL STRUCTURES
670 ## - SOURCE DATA FOUND
- Source citation: Work cat.: (NUST): Kolman, Bernard,Busby, Robert C,Ross, Sharon Cutler 60882, Discrete mathematical structures, 2002
